Μαϊστορες : Φώτης Ζαχαρίου (1909-2001), Αντώνης Γκλινός (1936-1998) = Masters : Photis Zachariou (1909-2001), Antonis Glinos
Αποθηκεύτηκε σε:
| Συγγραφή απο Οργανισμό/Αρχή: | |
|---|---|
| Μορφή: | Βιβλίο |
| Γλώσσα: | Greek English |
| Δημοσίευση: |
Αθήνα :
Υπουργείο Πολιτισμού, Βυζαντινό & Χριστιανικό Μουσείο,
2006.
|
| Θέματα: | |
| Ετικέτες: |
Προσθήκη ετικέτας
Δεν υπάρχουν, Καταχωρήστε ετικέτα πρώτοι!
|
MARC
| LEADER | 00000cam a2200000 i 4500 | ||
|---|---|---|---|
| 001 | 1/104280 | ||
| 008 | 090414s2006####gr | ||| |||| ||gre|| | ||
| 020 | |a 9602144882 | ||
| 035 | |l 10104358 | ||
| 040 | |a GR-MyUa |b gre |e AACR2 | ||
| 041 | 0 | |a gre |a eng | |
| 082 | 7 | |a 700.92 |2 (22) | |
| 245 | 0 | 0 | |a Μαϊστορες : |b Φώτης Ζαχαρίου (1909-2001), Αντώνης Γκλινός (1936-1998) = Masters : Photis Zachariou (1909-2001), Antonis Glinos / |c Βυζαντινό και Χριστιανικό Μουσείο. |
| 246 | 1 | |i Παράλληλος τίτλος: |a Masters : |b Masters : Photis Zachariou (1909-2001), Antonis Glinos | |
| 260 | |a Αθήνα : |b Υπουργείο Πολιτισμού, Βυζαντινό & Χριστιανικό Μουσείο, |c 2006. | ||
| 300 | |a 55, 69 σ. : |b εικ. ; |c 24 εκ. | ||
| 500 | |a Κατάλογος έκθεσης που έγινε στο Βυζαντινό και Χριστιανικό Μουσείο, 27 Φεβρουαρίου-26 Απριλίου 2006. | ||
| 600 | 1 | 0 | |a Ζαχαρίου, Φώτης, |d 1909-2001. |
| 600 | 1 | 0 | |a Γκλινός, Αντώνης, |d 1936-1998. |
| 650 | 0 | 0 | |a Painting, Greek |y 20th century |x Exhibitions. |
| 710 | 2 | |a Βυζαντινό & Χριστιανικό Μουσείο (Αθήνα, Ελλάς) | |
| 852 | |a INST |b LESVOS |e 20090414 |h 700.92 ΜΑΙ |p 005100044877 |q 005100044877 |t BK |y 0 | ||
| 901 | |a BIBL1-2009-1 | ||
| 970 | |a ΚΑΡΑ |b ΓΙΑΣΕΜΗ |z 2009/04/14 | ||